LIBRARY & INFORMATION CENTRE, KCAET, TAVANUR

ONLINE PUBLIC ACCESS CATALOGUE (OPAC)

Development of an IoT based automated aeroponic system / (Record no. 19466)

MARC details
000 -LEADER
fixed length control field 00409nam a2200157 4500
003 - CONTROL NUMBER IDENTIFIER
control field OSt
082 ## - DEWEY DECIMAL CLASSIFICATION NUMBER
Classification number 631.587
Item number AMR/DE
088 ## - REPORT NUMBER
Report number T 642
100 ## - MAIN ENTRY--AUTHOR NAME
Personal name Amrutha K
245 ## - TITLE STATEMENT
Title Development of an IoT based automated aeroponic system /
260 ## - PUBLICATION, DISTRIBUTION, ETC. (IMPRINT)
Place of publication Tavanur :
Name of publisher Department of Soil & Water Conservation Engineering,
Year of publication 2025.
300 ## - PHYSICAL DESCRIPTION
Number of Pages 164 p.
650 ## - SUBJECT ADDED ENTRY--TOPICAL TERM
Topical Term Aeroponics
700 ## - ADDED ENTRY--PERSONAL NAME
Personal name Jinu A
942 ## - ADDED ENTRY ELEMENTS (KOHA)
Koha item type Theses
Holdings
Collection code Home library Current library Full call number Accession Number Koha item type Public note
Reference KAUAET KAUAET 631.587 AMR/DE T 642 Theses M.Tech Thesis
free website counter